Afghan Star (Record no. 333106)
[ view plain ]
| 000 -LEADER | |
|---|---|
| fixed length control field | 00459nam a2200097Ia 4500 |
| 008 - FIXED-LENGTH DATA ELEMENTS--GENERAL INFORMATION | |
| fixed length control field | 170517s9999 xx 000 0 und d |
| 245 ## - TITLE STATEMENT | |
| Title | Afghan Star |
| 300 ## - PHYSICAL DESCRIPTION | |
| Extent | After 30 years of war and Taliban rule, pop Idol has come to Afghanistan. Millions are watching the TV series Afghan Star and voting for their favorite singers by mobile phone. For many this is their first encounter with... |
| 650 ## - SUBJECT ADDED ENTRY--TOPICAL TERM | |
| General subdivision | Art. |
| 856 ## - ELECTRONIC LOCATION AND ACCESS | |
| Uniform Resource Identifier | <a href="http://topdocumentaryfilms.com/afghan-star/">http://topdocumentaryfilms.com/afghan-star/</a> |
| Withdrawn status | Lost status | Damaged status | Home library | Current library | Date acquired | Total Checkouts | Date last seen | Price effective from | Koha item type |
|---|---|---|---|---|---|---|---|---|---|
| College Library | College Library | 05/17/2017 | 05/17/2017 | 05/17/2017 | Documentary Films |